[Event "11th LCC FIDE Open 2019"]
[Site "London"]
[Date "2019.12.04"]
[Round "7.9"]
[White "Gschnitzer, Adrian"]
[Black "Arkell, Keith C"]
[Result "0-1"]
[WhiteElo "2422"]
[BlackElo "2445"]
[Annotator "NA"]
[PlyCount "108"]
[EventDate "2019.11.29"]
[EventType "swiss"]
[EventCountry "ENG"]
[SourceTitle "playchess.com"]
[Source "ChessBase"]
[SourceQuality "1"]
[TimeControl "40/5400+30:1800+30"]

1. e4 {[%emt 0:00:00]} d5 {[%emt 0:00:00]} 2. exd5 {[%emt 0:00:00]} Qxd5 {[%emt 0:00:00]} 3. Nc3 {[%emt 0:00:00]} Qd8 {[%emt 0:00:00]} 4. d4 {[%emt 0:00:47]} Nf6 {[%emt 0:00:00]} 5. Nf3 {[%emt 0:00:59]} Bg4 {[%emt 0:00:00]} 6. h3 {[%emt 0:02:15]} Bxf3 {[%emt 0:00:03]} 7. Qxf3 {[%emt 0:00:16]} c6 {[%emt 0:00:04]} 8. Be3 {[%emt 0:04:35]} e6 {[%emt 0:00:06]} 9. O-O-O {[%emt 0:02:22]} Bb4 {[%emt 0:00:15]} 10. Bg5 {[%emt 0:07:00]} Bxc3 {[%emt 0:03:06]} 11. Qxc3 {[%emt 0:00:14]} Ne4 {[%emt 0:00:28]} 12. Bxd8 {[%emt 0:00:08]} Nxc3 {[%emt 0:00:04]} 13. bxc3 {[%emt 0:00:09]} Kxd8 {[%emt 0:00:03]} 14. f4 {[%emt 0:08:13]} Nd7 {[%emt 0:00:17]} 15. g4 {[%emt 0:01:31]} h5 {[%emt 0:01:08]} 16. Be2 {[%emt 0:05:18]} hxg4 {[%emt 0:00:07]} 17. hxg4 {[%emt 0:00:08]} Ke7 {[%emt 0:01:30]} 18. Kd2 {[%emt 0:01:10]} Nf6 {[%emt 0:00:46]} 19. Bf3 {[%emt 0:00:30]} Nd5 {[%emt 0:00:43]} 20. Bxd5 {[%emt 0:02:03]} cxd5 {[%emt 0:00:08]} 21. Rb1 {[%emt 0:03:56]} b6 {[%emt 0:00:06]} 22. Kd3 {[%emt 0:01:34]} Rac8 {[%emt 0:02:03]} 23. g5 {[%emt 0:08:09]} Rxh1 {[%emt 0:05:59]} 24. Rxh1 {[%emt 0:00:18]} Rc4 {[%emt 0:00:09]} 25. Kd2 {[%emt 0:10:40]} Ra4 {[%emt 0:00:12]} 26. Rh8 {[%emt 0:08:58]} Rxa2 {[%emt 0:01:21]} 27. Rb8 {[%emt 0:02:08]} g6 {[%emt 0:00:08]} 28. Ra8 {[%emt 0:11:32]} Ra1 {[%emt 0:03:50]} 29. Ke2 {[%emt 0:01:29]} b5 {[%emt 0:00:12]} 30. Kd2 {[%emt 0:01:23]} a5 {[%emt 0:01:59]} 31. Ke2 {[%emt 0:04:04]} a4 {[%emt 0:00:18]} 32. Ra7+ {[%emt 0:04:11]} Kf8 {[%emt 0:00:07]} 33. Ra8+ {[%emt 0:00:05]} Kg7 {[%emt 0:00:03]} 34. Ra5 {[%emt 0:02:09]} Rb1 {[%emt 0:05:55]} 35. Kd2 {[%emt 0:01:37]} Kh7 {[%emt 0:10:48]} 36. Ke2 {[%emt 0:04:17]} Kg8 {[%emt 0:01:00]} 37. Ra8+ {[%emt 0:00:38]} Kg7 {[%emt 0:00:06]} 38. Ra5 {[%emt 0:00:29]} f5 {[%emt 0:25:51]} 39. Ra7+ {[%emt 0:01:58]} Kf8 {[%emt 0:00:02]} 40. Rb7 {[%emt 0:02:08]} a3 {[%emt 0:01:56]} 41. Ra7 {[%emt 0:01:03]} Ra1 {[%emt 0:02:21]} 42. Kd2 {[%emt 0:04:29]} Ke8 {[%emt 0:03:22]} 43. Ra5 {[%emt 0:07:15]} a2 {[%emt 0:00:09]} 44. Ra7 {[%emt 0:00:42]} Kd8 {[%emt 0:00:09]} 45. Ke2 {[%emt 0:09:25]} Kc8 {[%emt 0:00:02]} 46. Kf2 {[%emt 0:00:11]} Kb8 {[%emt 0:00:08]} 47. Ra5 {[%emt 0:00:35]} Kc7 {[%emt 0:00:05]} 48. Kg2 {[%emt 0:00:51]} Kb6 {[%emt 0:00:36]} 49. Ra8 {[%emt 0:01:29]} b4 {[%emt 0:00:23]} 50. cxb4 {[%emt 0:00:07]} Kb5 {[%emt 0:00:04]} 51. c3 {[%emt 0:00:22]} Kc4 {[%emt 0:00:03]} 52. Ra3 {[%emt 0:00:35]} Kd3 {[%emt 0:01:10]} 53. b5 {[%emt 0:03:14]} Ke4 {[%emt 0:00:11]} 54. b6 {[%emt 0:01:47]} Kxf4 {[%emt 0:00:30]} 0-1

[Event "11th LCC FIDE Open 2019"]
[Site "London"]
[Date "2019.12.04"]
[Round "7.10"]
[White "Vaishali R"]
[Black "Hebden, Mark L"]
[Result "1-0"]
[WhiteElo "2376"]
[BlackElo "2436"]
[Annotator "NA"]
[PlyCount "79"]
[EventDate "2019.11.29"]
[EventType "swiss"]
[EventCountry "ENG"]
[SourceTitle "playchess.com"]
[Source "ChessBase"]
[SourceQuality "1"]
[TimeControl "40/5400+30:1800+30"]

1. e4 {[%emt 0:01:37]} e5 {[%emt 0:00:00]} 2. Nf3 {[%emt 0:00:24]} Nc6 {[%emt 0:00:00]} 3. Bc4 {[%emt 0:00:04]} Nf6 {[%emt 0:00:18]} 4. d3 {[%emt 0:00:15]} Be7 {[%emt 0:00:22]} 5. O-O {[%emt 0:00:19]} O-O {[%emt 0:00:09]} 6. Re1 {[%emt 0:00:08]} d6 {[%emt 0:00:07]} 7. a3 {[%emt 0:00:19]} Be6 {[%emt 0:03:27]} 8. Nbd2 {[%emt 0:00:34]} Qd7 {[%emt 0:01:26]} 9. b4 {[%emt 0:05:16]} a6 {[%emt 0:01:52]} 10. Bb2 {[%emt 0:01:32]} Rfe8 {[%emt 0:04:06]} 11. Bxe6 {[%emt 0:05:45]} Qxe6 {[%emt 0:00:39]} 12. c4 {[%emt 0:05:17]} Bf8 {[%emt 0:02:18]} 13. Nf1 {[%emt 0:04:12]} g6 {[%emt 0:06:49]} 14. Ne3 {[%emt 0:04:35]} Bg7 {[%emt 0:00:26]} 15. b5 {[%emt 0:03:02]} Nb8 {[%emt 0:09:47]} 16. a4 {[%emt 0:12:14]} Nbd7 {[%emt 0:04:12]} 17. Nd5 {[%emt 0:04:07]} Rec8 {[%emt 0:02:10]} 18. Bc3 {[%emt 0:17:07]} c6 {[%emt 0:01:13]} 19. Nxf6+ {[%emt 0:02:51]} Bxf6 {[%emt 0:01:07]} 20. bxc6 {[%emt 0:01:15]} bxc6 {[%emt 0:00:15]} 21. Rb1 {[%emt 0:02:02]} d5 {[%emt 0:03:14]} 22. exd5 {[%emt 0:06:13]} cxd5 {[%emt 0:00:07]} 23. Nd2 {[%emt 0:00:21]} Qf5 {[%emt 0:08:30]} 24. Nf1 {[%emt 0:03:07]} Bh4 {[%emt 0:03:27]} 25. g3 {[%emt 0:05:28]} Bg5 {[%emt 0:05:05]} 26. h4 {[%emt 0:02:35]} Bh6 {[%emt 0:02:59]} 27. Rb7 {[%emt 0:04:57]} d4 {[%emt 0:11:48]} 28. Bxd4 {[%emt 0:01:14]} exd4 {[%emt 0:02:13]} 29. g4 {[%emt 0:00:02]} Qf4 {[%emt 0:05:35]} 30. Rxd7 {[%emt 0:00:05]} Re8 {[%emt 0:00:29]} 31. Rxe8+ {[%emt 0:02:12]} Rxe8 {[%emt 0:00:01]} 32. Kg2 {[%emt 0:00:22]} f5 {[%emt 0:01:58]} 33. Nh2 {[%emt 0:02:05]} Bg7 {[%emt 0:03:26]} 34. gxf5 {[%emt 0:02:22]} Qxf5 {[%emt 0:00:20]} 35. Rd5 {[%emt 0:00:11]} Qe6 {[%emt 0:02:30]} 36. Qg4 {[%emt 0:00:53]} Qe1 {[%emt 0:01:00]} 37. h5 {[%emt 0:01:06]} Qd2 {[%emt 0:02:22]} 38. Qg3 {[%emt 0:01:30]} Rf8 {[%emt 0:03:34]} 39. hxg6 {[%emt 0:00:24]} hxg6 {[%emt 0:00:15]} 40. Rd6 {[%emt 0:01:09]} 1-0

[Event "11th LCC FIDE Open 2019"]
[Site "London"]
[Date "2019.12.04"]
[Round "7.11"]
[White "Fodor, Tamas Jr."]
[Black "Van Zyl-Rudd, Jack"]
[Result "1/2-1/2"]
[WhiteElo "2533"]
[BlackElo "2290"]
[Annotator "ChessBase"]
[PlyCount "50"]
[EventDate "2019.11.29"]
[EventType "swiss"]
[EventCountry "ENG"]
[SourceTitle "playchess.com"]
[Source "ChessBase"]
[SourceQuality "1"]
[TimeControl "40/5400+30:1800+30"]

1. d4 {[%emt 0:00:30]} d5 {[%emt 0:00:03]} 2. c4 {[%emt 0:00:06]} e6 {[%emt 0:00:26]} 3. Nc3 {[%emt 0:00:07]} Nf6 {[%emt 0:00:08]} 4. cxd5 {[%emt 0:00:28]} Nxd5 {[%emt 0:00:42]} 5. e4 {[%emt 0:00:06]} Nxc3 {[%emt 0:00:05]} 6. bxc3 {[%emt 0:00:04]} c5 {[%emt 0:00:06]} 7. Nf3 {[%emt 0:00:06]} cxd4 {[%emt 0:00:15]} 8. cxd4 {[%emt 0:00:06]} Bb4+ {[%emt 0:00:05]} 9. Bd2 {[%emt 0:00:05]} Bxd2+ {[%emt 0:00:04]} 10. Qxd2 {[%emt 0:00:04]} O-O {[%emt 0:00:09]} 11. Bb5 {[%emt 0:00:18]} b6 {[%emt 0:00:08]} 12. O-O {[%emt 0:00:15]} Bb7 {[%emt 0:00:05]} 13. Qe3 {[%emt 0:01:41]} Nc6 {[%emt 0:07:08]} 14. Rfd1 {[%emt 0:03:08]} Qf6 {[%emt 0:13:54]} 15. Rac1 {[%emt 0:02:55]} Rac8 {[%emt 0:04:37]} 16. d5 {[%emt 0:11:37]} Ne5 {[%emt 0:17:43]} 17. Rxc8 {[%emt 0:11:03]} Rxc8 {[%emt 0:02:28]} 18. d6 {[%emt 0:01:44]} Nxf3+ {[%emt 0:09:08]} 19. gxf3 {[%emt 0:03:06]} Qe5 {[%emt 0:06:16]} 20. d7 {[%emt 0:05:19]} Rd8 {[%emt 0:00:06]} 21. Qa3 {[%emt 0:01:56]} h6 {[%emt 0:07:31]} 22. Bf1 {[%emt 0:22:42]} Bc6 {[%emt 0:11:19]} 23. Qxa7 {[%emt 0:03:32]} Qg5+ {[%emt 0:00:05]} 24. Kh1 {[%emt 0:05:19]} Qf4 {[%emt 0:01:46]} 25. Be2 {[%emt 0:11:54]} Bxe4 {[%emt 0:01:56]} 1/2-1/2

[Event "11th LCC FIDE Open 2019"]
[Site "London"]
[Date "2019.12.04"]
[Round "7.12"]
[White "Cumming, Rhys"]
[Black "Clarke, Brandon Gi"]
[Result "1-0"]
[WhiteElo "2284"]
[BlackElo "2431"]
[Annotator "NA"]
[PlyCount "89"]
[EventDate "2019.11.29"]
[EventType "swiss"]
[EventCountry "ENG"]
[SourceTitle "playchess.com"]
[Source "ChessBase"]
[SourceQuality "1"]
[TimeControl "40/5400+30:1800+30"]

1. d4 {[%emt 0:02:21]} Nf6 {[%emt 0:00:00]} 2. c4 {[%emt 0:00:11]} g6 {[%emt 0:00:00]} 3. Nc3 {[%emt 0:00:07]} Bg7 {[%emt 0:00:09]} 4. e4 {[%emt 0:00:06]} d6 {[%emt 0:00:04]} 5. f3 {[%emt 0:00:12]} O-O {[%emt 0:00:10]} 6. Bg5 {[%emt 0:00:06]} c5 {[%emt 0:00:49]} 7. d5 {[%emt 0:00:09]} h6 {[%emt 0:01:15]} 8. Be3 {[%emt 0:00:06]} e6 {[%emt 0:00:19]} 9. Qd2 {[%emt 0:00:37]} exd5 {[%emt 0:00:17]} 10. cxd5 {[%emt 0:00:05]} Re8 {[%emt 0:05:32]} 11. Nge2 {[%emt 0:01:26]} Nbd7 {[%emt 0:02:03]} 12. Nc1 {[%emt 0:01:33]} a6 {[%emt 0:02:57]} 13. Be2 {[%emt 0:00:46]} b5 {[%emt 0:10:30]} 14. O-O {[%emt 0:03:14]} Kh7 {[%emt 0:01:09]} 15. Nd3 {[%emt 0:02:32]} Nb6 {[%emt 0:01:10]} 16. Nf2 {[%emt 0:05:41]} b4 {[%emt 0:01:44]} 17. Ncd1 {[%emt 0:02:59]} a5 {[%emt 0:00:36]} 18. a3 {[%emt 0:05:26]} Bb7 {[%emt 0:03:26]} 19. Bb5 {[%emt 0:27:40]} Re7 {[%emt 0:01:00]} 20. axb4 {[%emt 0:06:13]} axb4 {[%emt 0:00:23]} 21. Rxa8 {[%emt 0:00:07]} Qxa8 {[%emt 0:01:25]} 22. Bf4 {[%emt 0:01:01]} Qd8 {[%emt 0:10:14]} 23. h3 {[%emt 0:04:26]} Ne8 {[%emt 0:07:28]} 24. Ne3 {[%emt 0:02:30]} Nc7 {[%emt 0:07:53]} 25. Bd3 {[%emt 0:01:01]} Rd7 {[%emt 0:10:31]} 26. Nc4 {[%emt 0:13:34]} Nxc4 {[%emt 0:07:00]} 27. Bxc4 {[%emt 0:00:01]} Qf6 {[%emt 0:01:21]} 28. Ra1 {[%emt 0:05:38]} g5 {[%emt 0:06:45]} 29. Bg3 {[%emt 0:01:17]} Qxb2 {[%emt 0:08:09]} 30. Qxb2 {[%emt 0:00:01]} Bxb2 {[%emt 0:00:01]} 31. Ra7 {[%emt 0:00:09]} Bc8 {[%emt 0:05:59]} 32. e5 {[%emt 0:10:50]} Bd4 {[%emt 0:04:51]} 33. exd6 {[%emt 0:01:06]} Nb5 {[%emt 0:00:05]} 34. Ra8 {[%emt 0:00:49]} Na7 {[%emt 0:01:09]} 35. Bd3+ {[%emt 0:01:56]} Kg7 {[%emt 0:00:00]} 36. Bf5 {[%emt 0:00:05]} c4 {[%emt 0:01:04]} 37. Rxc8 {[%emt 0:01:36]} Nxc8 {[%emt 0:00:25]} 38. Bxd7 {[%emt 0:00:01]} b3 {[%emt 0:00:35]} 39. Bxc8 {[%emt 0:01:14]} c3 {[%emt 0:00:05]} 40. d7 {[%emt 0:00:31]} c2 {[%emt 0:00:55]} 41. d8=Q {[%emt 0:03:01]} c1=Q+ {[%emt 0:07:56]} 42. Kh2 {[%emt 0:00:10]} b2 {[%emt 0:00:26]} 43. Bf5 {[%emt 0:01:17]} Qe1 {[%emt 0:00:02]} 44. Qb8 {[%emt 0:03:50]} h5 {[%emt 0:00:16]} 45. Be4 {[%emt 0:02:35]} 1-0

[Event "11th LCC FIDE Open 2019"]
[Site "London"]
[Date "2019.12.04"]
[Round "7.13"]
[White "Cherniaev, Alexander"]
[Black "Stoyanov, Viktor"]
[Result "1-0"]
[WhiteElo "2428"]
[BlackElo "2272"]
[Annotator "TA"]
[PlyCount "201"]
[EventDate "2019.11.29"]
[EventType "swiss"]
[EventCountry "ENG"]
[SourceTitle "playchess.com"]
[Source "ChessBase"]
[SourceQuality "1"]

{[%evp 12,201,25,30,35,35,43,30,41,16,48,35,48,16,48,16,52,44,51,47,64,0,1,0,4,0,16,0,6,0,0,0,0,-19,-22,-29,-18,-13,0,0,0,0,0,-12,0,-8,0,0,0,0,0,0,0,0,0,0,0,0,0,0,0,0,0,0,5,-12,0,0,8,0,0,0,15,0,35,46,67,52,46,24,60,43,63,39,39,39,47,40,42,35,37,0,51,44,43,0,52,44,45,45,53,55,106,0,80,80,199,88,68,54,65,31,44,44,59,60,60,7,106,81,108,54,52,45,41,47,56,52,50,27,45,29,65,63,148,165,135,17,18,37,39,0,8,0,0,0,281,10,301,300,349,346,342,342,422,330,498,495,5591,5575,4598,4133,2450,2253,1376,1347,742,0,0,0,0,0,0,0,0,0,0,0,0,0,0,0,0,0,0,0,0,8,29988,29989,29989,29990]} 1. e4 c6 2. d4 d5 3. exd5 cxd5 4. c4 Nf6 5. Nc3 Be6 6. Nge2 dxc4 7. Nf4 Bg4 {B13: Caro-Kann: Exchange Variation and Panov-Botvinnik Attack} 8. f3 Bd7 9. Bxc4 e6 {White has an edge.} 10. O-O (10. d5 e5 11. Nd3 Bd6 12. Be3 O-O 13. O-O Na6 14. Nf2 Nc5 15. b4 {½-½ (52) Sebenik,M (2551)-Agrest,E (2584) chess.com INT 2018}) 10... Be7 11. Be3 O-O 12. Qe2 $146 ({Predecessor:} 12. Bb3 Qa5 13. Re1 Nc6 14. Bf2 Rfd8 15. Qe2 {0-1 (30) Anderton,M (2233)-Smallbone,K (2216) Sunningdale 2007}) 12... Re8 13. Rad1 Bf8 14. Nd3 Bc6 15. Ne5 Nd5 16. Bc1 (16. f4 $14) 16... Nd7 $11 17. Nxc6 bxc6 18. Ne4 Qc7 19. Kh1 Rad8 20. Qc2 Rc8 21. Qf2 h6 22. Qg3 Qxg3 23. hxg3 N5b6 24. Ba6 Rcd8 25. Be3 Nd5 26. Bf2 Rb8 27. Rd2 Rb6 28. Bc4 Reb8 29. b3 a5 30. Kg1 Ra8 31. g4 a4 32. bxa4 Rxa4 33. Bb3 Ra5 34. Rc1 Ba3 35. Rc4 Be7 36. Rdc2 Raa6 37. g3 Nb4 38. Rd2 Nd5 39. Re2 Kf8 40. Kg2 Rb4 41. Rc1 Ke8 42. Kh3 Kd8 43. f4 g6 44. Nd2 Bd6 45. Kg2 Bf8 46. Nf3 Rb7 47. Ne5 Nxe5 48. dxe5 Ba3 49. Rc4 Be7 50. Rec2 Nb4 51. Re2 Rd7 ({Black should play} 51... Nd5 $11) 52. Bd4 Nd5 53. Bf2 Nb4 (53... Rb7 $11) 54. Kf3 Kc8 55. Ke4 Kc7 56. Bd4 Ra8 (56... Nd5 $14) 57. Re1 ({Better is} 57. Rh2 $16) 57... Kd8 (57... Nxa2 $11 58. Ra1 c5 59. Bxc5 (59. Rxa2 Rxd4+ 60. Rxd4 Rxa2 $11) 59... Bxc5 60. Bxa2 (60. Rxc5+ $2 Kb6 $19) 60... Rd5) 58. Rh1 $16 Bf8 (58... Nxa2 $16 59. Rxh6 Ra3) 59. Rh2 (59. g5 $1 $18 {[%cal Rg5h6] and White stays clearly on top.} h5 60. g4 $1 {[%mdl 512]}) 59... Kc7 60. Be3 Nd5 61. Bd2 Nb6 62. Rc1 Rad8 63. Be3 Nd5 64. Rhc2 (64. Ba4 $14) 64... Nb4 (64... Nxe3 $11 65. Rxc6+ (65. Kxe3 Rd3+ 66. Ke2 c5 $14) 65... Kb7 66. Kxe3 Bb4) 65. Rc4 Ra8 (65... Rd3 66. Ba4) 66. Ra1 (66. f5 $16) 66... Nd5 $14 67. Bd4 Nb6 68. Rc2 Rad8 69. Be3 Nd5 70. Bxd5 (70. Bf2 {is more complex.} Be7 71. Rh1 Bf8 72. Rb1 Ra8 73. Rbc1) 70... exd5+ 71. Kd3 Ra8 72. a4 d4 (72... Bb4 $14) 73. Bd2 $1 $16 ({Inferior is} 73. Bxd4 c5 $19) 73... c5 74. a5 (74. Rb2 $1 $16) 74... Kc6 $11 75. Kc4 {aiming for Rb1.} Rb8 76. a6 {a7 is the strong threat.} Ra8 77. Rca2 Rda7 78. f5 {Threatening fxg6.} Re8 $2 {[%mdl 8192]} (78... g5 $1 $11 {and Black has nothing to worry.}) 79. Re1 $2 (79. fxg6 $18 fxg6 80. Rf1) 79... Bg7 $2 {[%mdl 8192]} (79... g5 $1 $11) 80. e6 $18 {Black must now prevent f6!} fxe6 81. Rxe6+ ({Less strong is} 81. fxe6 Bf8 $14) ({Weaker is} 81. fxg6 e5 $16) 81... Rxe6 82. fxe6 {[%mdl 4096] Endgame KRB-KRB} Bf8 {intending ...g5.} 83. g5 h5 (83... hxg5 $142 84. Bxg5 d3 85. Kxd3 Kd6) 84. Bf4 Bd6 (84... d3 $142 85. Kxd3 Kb5 86. Rb2+ Kxa6 87. Ra2+ Kb7 88. Rxa7+ Kxa7) 85. Bxd6 Kxd6 {[#] KR-KR} 86. e7 $1 {[%cal Re7e8][%mdl 576] Deflection} Kxe7 (86... Rxe7 87. a7) 87. Kxc5 Ke6 88. Kb6 Ra8 89. Ra5 $2 (89. a7 $18 Kf5 90. Ra4) 89... d3 $11 90. a7 {Threatens to win with Ra3.} d2 91. Ra1 {Hoping for Rd1.} Kf5 $1 92. Rd1 Kxg5 93. Rxd2 Kg4 94. Rd6 g5 95. Rg6 h4 96. gxh4 Kxh4 97. Kb7 Rxa7+ 98. Kxa7 g4 $1 99. Kb6 {Threatening mate with Kb5.} g3 $2 {[%mdl 8192] [#]} (99... Kg3 $11) 100. Kc5 $1 Kh3 {[#]} 101. Kd4 $1 {Accuracy: White = 46%, Black = 46%.} 1-0

[Event "11th LCC FIDE Open 2019"]
[Site "London"]
[Date "2019.12.04"]
[Round "7.14"]
[White "McDonald, Neil"]
[Black "Czerw, Dawid"]
[Result "1-0"]
[WhiteElo "2412"]
[BlackElo "2255"]
[Annotator "NA"]
[PlyCount "45"]
[EventDate "2019.11.29"]
[EventType "swiss"]
[EventCountry "ENG"]
[SourceTitle "playchess.com"]
[Source "ChessBase"]
[SourceQuality "1"]
[TimeControl "40/5400+30:1800+30"]

1. e4 {[%emt 0:00:00]} c5 {[%emt 0:00:00]} 2. Nf3 {[%emt 0:00:00]} e6 {[%emt 0:00:00]} 3. d4 {[%emt 0:00:00]} cxd4 {[%emt 0:00:00]} 4. Nxd4 {[%emt 0:00:00]} Nc6 {[%emt 0:00:00]} 5. Nc3 {[%emt 0:00:00]} Qc7 {[%emt 0:00:00]} 6. Be3 {[%emt 0:00:42]} a6 {[%emt 0:00:10]} 7. Qd2 {[%emt 0:00:07]} Nf6 {[%emt 0:00:07]} 8. O-O-O {[%emt 0:00:13]} Bb4 {[%emt 0:01:24]} 9. f3 {[%emt 0:00:21]} O-O {[%emt 0:00:46]} 10. a3 {[%emt 0:09:57]} Be7 {[%emt 0:03:40]} 11. g4 {[%emt 0:00:41]} b5 {[%emt 0:02:23]} 12. g5 {[%emt 0:01:26]} Nh5 {[%emt 0:02:31]} 13. Be2 {[%emt 0:09:09]} Ne5 {[%emt 0:25:24]} 14. Nf5 {[%emt 0:12:03]} Bc5 {[%emt 0:17:08]} 15. Bxc5 {[%emt 0:08:42]} Qxc5 {[%emt 0:00:18]} 16. f4 {[%emt 0:01:36]} Nc4 {[%emt 0:15:09]} 17. Bxc4 {[%emt 0:00:39]} Qxc4 {[%emt 0:01:33]} 18. Ng3 {[%emt 0:04:20]} g6 {[%emt 0:00:50]} 19. Nxh5 {[%emt 0:00:39]} gxh5 {[%emt 0:00:02]} 20. f5 {[%emt 0:00:56]} Bb7 {[%emt 0:04:22]} 21. g6 {[%emt 0:02:36]} hxg6 {[%emt 0:07:22]} 22. Qh6 {[%emt 0:13:51]} exf5 {[%emt 0:00:34]} 23. exf5 {[%emt 0:01:06]} 1-0

[Event "11th LCC FIDE Open 2019"]
[Site "London"]
[Date "2019.12.04"]
[Round "7.15"]
[White "Blackburn, Jonathan L B"]
[Black "Taylor, Adam C"]
[Result "1/2-1/2"]
[WhiteElo "2240"]
[BlackElo "2371"]
[Annotator "NA"]
[PlyCount "65"]
[EventDate "2019.11.29"]
[EventType "swiss"]
[EventCountry "ENG"]
[SourceTitle "playchess.com"]
[Source "ChessBase"]
[SourceQuality "1"]
[TimeControl "40/5400+30:1800+30"]

1. d4 {[%emt 0:00:54]} Nf6 {[%emt 0:00:00]} 2. c4 {[%emt 0:00:06]} g6 {[%emt 0:00:00]} 3. Nc3 {[%emt 0:01:07]} d5 {[%emt 0:00:00]} 4. cxd5 {[%emt 0:00:07]} Nxd5 {[%emt 0:00:00]} 5. e4 {[%emt 0:00:11]} Nxc3 {[%emt 0:00:00]} 6. bxc3 {[%emt 0:00:02]} Bg7 {[%emt 0:00:00]} 7. Bc4 {[%emt 0:00:18]} c5 {[%emt 0:00:00]} 8. Ne2 {[%emt 0:02:52]} O-O {[%emt 0:00:40]} 9. Be3 {[%emt 0:00:12]} cxd4 {[%emt 0:08:19]} 10. cxd4 {[%emt 0:00:29]} Qa5+ {[%emt 0:00:03]} 11. Qd2 {[%emt 0:06:32]} Nc6 {[%emt 0:00:03]} 12. Rd1 {[%emt 0:04:41]} Rd8 {[%emt 0:00:37]} 13. O-O {[%emt 0:01:27]} b6 {[%emt 0:00:56]} 14. Qc2 {[%emt 0:12:59]} Bb7 {[%emt 0:01:52]} 15. Qb3 {[%emt 0:02:05]} e6 {[%emt 0:01:36]} 16. d5 {[%emt 0:09:30]} exd5 {[%emt 0:00:34]} 17. Bxd5 {[%emt 0:03:28]} Rd7 {[%emt 0:04:46]} 18. h3 {[%emt 0:13:22]} Qb4 {[%emt 0:02:55]} 19. Qc2 {[%emt 0:08:41]} Rc8 {[%emt 0:01:13]} 20. Rb1 {[%emt 0:01:54]} Qe7 {[%emt 0:01:59]} 21. Qa4 {[%emt 0:00:58]} Na5 {[%emt 0:01:59]} 22. Nf4 {[%emt 0:00:59]} Rdc7 {[%emt 0:15:29]} 23. Bxb7 {[%emt 0:03:50]} Rc4 {[%emt 0:00:12]} 24. Nd5 {[%emt 0:01:07]} Qd6 {[%emt 0:03:15]} 25. Bf4 {[%emt 0:01:00]} Qd8 {[%emt 0:15:41]} 26. Rb4 {[%emt 0:05:13]} Rxb4 {[%emt 0:01:24]} 27. Qxb4 {[%emt 0:00:08]} Bf8 {[%emt 0:00:31]} 28. Qd2 {[%emt 0:02:30]} Nxb7 {[%emt 0:00:26]} 29. Be5 {[%emt 0:04:42]} Rc6 {[%emt 0:04:57]} 30. Nf6+ {[%emt 0:05:31]} Kh8 {[%emt 0:00:02]} 31. Ne8+ {[%emt 0:01:27]} Kg8 {[%emt 0:00:13]} 32. Nf6+ {[%emt 0:00:40]} Kh8 {[%emt 0:00:01]} 33. Ne8+ {[%emt 0:01:57]} 1/2-1/2

[Event "11th LCC FIDE Open 2019"]
[Site "London"]
[Date "2019.12.04"]
[Round "7.16"]
[White "Beinoras, Mindaugas"]
[Black "Bukojemski, Adam"]
[Result "1/2-1/2"]
[WhiteElo "2350"]
[BlackElo "2211"]
[Annotator "NA"]
[PlyCount "76"]
[EventDate "2019.11.29"]
[EventType "swiss"]
[EventCountry "ENG"]
[SourceTitle "playchess.com"]
[Source "ChessBase"]
[SourceQuality "1"]
[TimeControl "40/5400+30:1800+30"]

1. c4 {[%emt 0:00:00]} Nf6 {[%emt 0:00:00]} 2. Nc3 {[%emt 0:00:08]} g6 {[%emt 0:00:00]} 3. g3 {[%emt 0:01:43]} Bg7 {[%emt 0:01:09]} 4. Bg2 {[%emt 0:00:21]} c5 {[%emt 0:00:47]} 5. e4 {[%emt 0:06:58]} Nc6 {[%emt 0:00:12]} 6. Nge2 {[%emt 0:00:41]} d6 {[%emt 0:01:37]} 7. O-O {[%emt 0:00:24]} h5 {[%emt 0:01:40]} 8. h3 {[%emt 0:00:44]} e5 {[%emt 0:01:45]} 9. d3 {[%emt 0:05:39]} Be6 {[%emt 0:08:09]} 10. f4 {[%emt 0:02:50]} Qd7 {[%emt 0:02:03]} 11. fxe5 {[%emt 0:01:30]} Nxe5 {[%emt 0:07:57]} 12. Nf4 {[%emt 0:00:35]} O-O {[%emt 0:00:20]} 13. Rb1 {[%emt 0:03:50]} a6 {[%emt 0:03:50]} 14. a4 {[%emt 0:04:29]} Rab8 {[%emt 0:06:21]} 15. Be3 {[%emt 0:04:48]} Kh7 {[%emt 0:04:16]} 16. Kh1 {[%emt 0:04:44]} Ne8 {[%emt 0:05:33]} 17. Qd2 {[%emt 0:05:09]} Nc7 {[%emt 0:00:36]} 18. b4 {[%emt 0:00:52]} b5 {[%emt 0:10:31]} 19. axb5 {[%emt 0:20:03]} axb5 {[%emt 0:01:44]} 20. bxc5 {[%emt 0:00:40]} dxc5 {[%emt 0:02:45]} 21. Bxc5 {[%emt 0:02:23]} Rfd8 {[%emt 0:03:44]} 22. Ncd5 {[%emt 0:00:58]} bxc4 {[%emt 0:01:31]} 23. Bb6 {[%emt 0:02:05]} c3 {[%emt 0:03:29]} 24. Qe2 {[%emt 0:07:13]} Bxd5 {[%emt 0:07:20]} 25. Nxd5 {[%emt 0:00:48]} Nxd5 {[%emt 0:02:06]} 26. Bxd8 {[%emt 0:00:41]} Nb4 {[%emt 0:00:20]} 27. Ba5 {[%emt 0:06:56]} Nexd3 {[%emt 0:00:51]} 28. Bxb4 {[%emt 0:01:09]} Rxb4 {[%emt 0:02:09]} 29. Rxb4 {[%emt 0:10:26]} Nxb4 {[%emt 0:00:01]} 30. Qc4 {[%emt 0:00:08]} Qd4 {[%emt 0:08:00]} 31. Qxf7 {[%emt 0:01:13]} Nd3 {[%emt 0:01:41]} 32. Qc7 {[%emt 0:01:23]} h4 {[%emt 0:01:20]} 33. e5 {[%emt 0:02:09]} Kh6 {[%emt 0:08:19]} 34. gxh4 {[%emt 0:01:56]} Nf2+ {[%emt 0:02:50]} 35. Rxf2 {[%emt 0:00:33]} Qxf2 {[%emt 0:00:03]} 36. Qxc3 {[%emt 0:00:10]} Qf4 {[%emt 0:00:15]} 37. Qf3 {[%emt 0:00:24]} Bxe5 {[%emt 0:00:08]} 38. Qxf4+ {[%emt 0:00:05]} Bxf4 {[%emt 0:00:02]} 1/2-1/2

[Event "11th LCC FIDE Open 2019"]
[Site "London"]
[Date "2019.12.04"]
[Round "7.17"]
[White "Russell, Christopher"]
[Black "Paterek, Michal"]
[Result "1/2-1/2"]
[WhiteElo "2190"]
[BlackElo "2317"]
[Annotator "NA"]
[PlyCount "32"]
[EventDate "2019.11.29"]
[EventType "swiss"]
[EventCountry "ENG"]
[SourceTitle "playchess.com"]
[Source "ChessBase"]
[SourceQuality "1"]
[TimeControl "40/5400+30:1800+30"]

1. e4 {[%emt 0:00:00]} c6 {[%emt 0:03:00]} 2. Nc3 {[%emt 0:00:25]} d5 {[%emt 0:00:12]} 3. Nf3 {[%emt 0:00:07]} Bg4 {[%emt 0:00:57]} 4. h3 {[%emt 0:00:10]} Bxf3 {[%emt 0:00:07]} 5. Qxf3 {[%emt 0:00:05]} Nf6 {[%emt 0:00:26]} 6. d4 {[%emt 0:00:45]} dxe4 {[%emt 0:02:53]} 7. Qe3 {[%emt 0:00:24]} g6 {[%emt 0:03:59]} 8. Nxe4 {[%emt 0:14:45]} Bg7 {[%emt 0:01:41]} 9. Nxf6+ {[%emt 0:04:25]} Bxf6 {[%emt 0:00:07]} 10. c3 {[%emt 0:00:06]} Qd5 {[%emt 0:10:16]} 11. Be2 {[%emt 0:04:06]} Nd7 {[%emt 0:00:06]} 12. O-O {[%emt 0:01:30]} O-O {[%emt 0:00:09]} 13. Bf3 {[%emt 0:08:04]} Qd6 {[%emt 0:00:40]} 14. Rd1 {[%emt 0:01:07]} Rad8 {[%emt 0:00:54]} 15. Qf4 {[%emt 0:09:29]} Rfe8 {[%emt 0:12:14]} 16. Qxd6 {[%emt 0:02:35]} exd6 {[%emt 0:00:12]} 1/2-1/2